| 000 | 005410000a22001690004500 | ||
|---|---|---|---|
| 090 |
_aAR _b01961 |
||
| 245 | 1 | 0 | _aEcological site conditions and landuse options in amazonian Peru |
| 650 | 1 | 4 |
_aUso de la tierra _994245 |
| 650 | 1 | 4 |
_aTecnología agropecuaria _931508 |
| 650 | 1 | 4 |
_aCartografía _992714 |
| 651 | 4 |
_lRío Amazonas _pPerú _992749 |
|
| 041 | 0 | _aInglés | |
| 700 | 1 |
_aFlores Paitán, Salvador _913581 |
|
| 100 | 1 |
_aKalliola, Risto _913574 |
|
| 942 | _cARTICULO | ||
| 773 | 1 |
_tEcosystems and Sustainable Development _3656 _q253-265 _d1997 |
|
| 999 |
_c11038 _d11038 |
||